Interpretar para el paciente y para un contensioso: un estudio comparativo (notice n° 1664199)
[ vue normale ]
| 000 -LEADER | |
|---|---|
| fixed length control field | 01587cam a2200169 4500500 |
| 005 - DATE AND TIME OF LATEST TRANSACTION | |
| control field | 20260222001042.0 |
| 041 ## - LANGUAGE CODE | |
| Language code of text/sound track or separate title | fre |
| 042 ## - AUTHENTICATION CODE | |
| Authentication code | dc |
| 100 10 - MAIN ENTRY--PERSONAL NAME | |
| Personal name | Fonteray, Valentin |
| Relator term | author |
| 245 00 - TITLE STATEMENT | |
| Title | Interpretar para el paciente y para un contensioso: un estudio comparativo |
| 260 ## - PUBLICATION, DISTRIBUTION, ETC. | |
| Date of publication, distribution, etc. | 2025.<br/> |
| 500 ## - GENERAL NOTE | |
| General note | 64 |
| 520 ## - SUMMARY, ETC. | |
| Summary, etc. | Aunque la legislación relativa a los derechos de los pacientes parece implicar de facto el uso de la interpretación profesional en la atención médica de los pacientes alófonos, esto no se suele aplicar de manera exhaustiva. En cambio, en el ámbito de la justicia, la existencia de legislación vinculante exige el uso efectivo de la interpretación profesional para los litigantes alófonos. Este estudio examina las implicaciones de esta divergencia. Basándose en una encuesta de campo realizada entre profesionales de la salud, se exponen las consecuencias médicas y jurídicas de la ausencia de interpretación, y se subrayan los obstáculos que explican esta ausencia. Estos datos se ponen en perspectiva con las evoluciones éticas, históricas y jurídicas que los acompañan en los ámbitos médico y jurídico. Si bien la existencia de una legislación vinculante parece revestir una importancia capital, sólo podrá desarrollarse en el contexto de una revisión global del sistema sanitario y de la formación de intérpretes. |
| 700 10 - ADDED ENTRY--PERSONAL NAME | |
| Personal name | Mehenni, Aurélie |
| Relator term | author |
| 786 0# - DATA SOURCE ENTRY | |
| Note | L'Autre | Volume 26 | 1 | 2025-04-10 | p. 61-70 | 1626-5378 |
| 856 41 - ELECTRONIC LOCATION AND ACCESS | |
| Uniform Resource Identifier | <a href="https://shs.cairn.info/revista-lautre-2025-1-page-61?lang=es&redirect-ssocas=7080">https://shs.cairn.info/revista-lautre-2025-1-page-61?lang=es&redirect-ssocas=7080</a> |
Pas d'exemplaire disponible.




Réseaux sociaux